ბათუმის შოთა რუსთაველის სახელმწიფო უნივერსიტეტის ბიბლიოთეკა

უცხოელი მეცნიერები უძველესი ქართველი ტომების მელითონეობის შესახებ / (ბიბ.ჩანაწერი № 60269)

000 -ლიდერი
ფიქსირებული სიგრძის საკონტროლო ველი 00966nam a22001937a 4500
003 - საკონტროლო ნომრის იდენტიფიკატორი
საკონტროლო ველი Ge_BSU
005 - ბოლო ოპერაციის თარიღი და დრო
საკონტროლო ველი 20230623111921.0
008 - ფიქსირებული სიგრძის მონაცემთა ელემენტები - ზოგადი ინფორმაცია
ფიქსირებული სიგრძის საკონტროლო ველი 230623s1976 ge ||||| |||| 00| 0 geo d
041 ## - ენის კოდი
Language code of text/sound track or separate title geo
080 ## - უნივერსალური ათობითი კლასიფიკაციის ინდექსი
Universal Decimal Classification number 669(479.22)(09) კ-46
100 ## - მთავარი ჩანაწერი - პიროვნების სახელი
Personal name კვირკველია, გ.
9 (RLIN) 18918
245 ## - ცნობა სათაურის შესახებ
Title უცხოელი მეცნიერები უძველესი ქართველი ტომების მელითონეობის შესახებ /
Statement of responsibility, etc გ. კვირკველია; რედ. ლ. ჯანაშია.
264 ## - წარმოების, გამოცემის, დისტრიბუციის და სხვა ცნობები
გამოცემის, წარმოების, დისტრიბუციის... ადგილი თბილისი :
გამოცემის, წარმოების, დისტრიბუციის... სახელწოდება საბჭ. საქართველო,
გამოცემის, წარმოების, დისტრიბუციის... თარიღი 1976.
300 ## - ფიზიკური აღწერა
Extent 90 გვ. ;
Other physical details 16 სმ.
520 ## - SUMMARY, ETC.
Summary, etc რეზ. რუს. ენ.
653 ## - INDEX TERM--UNCONTROLLED
Uncontrolled term ქართველების როლი მეტალურგიის ისტორიაში
700 ## - ADDED ENTRY--PERSONAL NAME
Personal name ჯანაშია, ლ.
Relator term რედაქტორი
9 (RLIN) 18919
942 ## - ADDED ENTRY ELEMENTS (KOHA)
Source of classification or shelving scheme
Koha item type წიგნი
ეგზემპლარები
ჩამოწერის სტატუსი დაკარგული ეგზემპლარის სტატუსი კლასიფიკაციის წყარო ან თაროზე გაწყობის სქემა დაზიანების სტატუსი არ გაიცემა მუდმივი მდებარეობა (დაცვის ადგილი) ამჟამინდელი ადგილსამყოფელი თაროზე განთავსების ადგილი შეძენის თარიღი ღირებულება, შესყიდვის ნორმალური ფასი სრული შენახვის შიფრი შტრიხკოდი ბოლო ოპერაციის თარიღი ეგზემპლარის მიმდევრობითი ნომერი (კეტერი?) Uniform Resource Identifier ფასის ძალაში შესვლის თარიღი ეგზემპლარის სახეობა საჯარო შენიშვნა
          ბათუმის შოთა რუსთაველის სახელმწიფო უნივერსიტეტის მთავარი ბიბლიოთეკა ბათუმის შოთა რუსთაველის სახელმწიფო უნივერსიტეტის მთავარი ბიბლიოთეკა წიგნსაცავი 2023-06-23 3.00 669(479.22)(09) კ-46 64743 2023-06-23 64743 ბსუ-ს საპატიო დოქტორის გურამ ლორთქიფანიძის საჩუქარი 2023-06-23 წიგნი 3 ლ.